000
00327nam a22001457a 4500
003
SGT
020
_a
978-15-43342-77-2
082
_a
611
_b
H18M
100
_a
MITTAL,PAYAL
245
_a
HUMAN ANATOMY AND PHYSIOLOGY-II
260
_a
JALANDHAR
_b
S.VIKASH PUB
_c
2018
300
_a
134
650
_a
PHARMACY
942
_2
ddc
_c
BK
_0
26
999
_c
15368
_d
15368